000 00459nam a22001697a 4500
005 20251108173107.0
008 250721s2004 xx 000 0 ara d
082 1 4 _aق/ صوي
100 1 _aصويلح، خليل
245 1 0 _aبريد عاجل /
264 1 _aدمشق :
_bنينوى للنشر و التوزيع،
_c2004.
300 _a121ص.
650 1 7 _aالأدب العربي
650 1 7 _aالروايات
942 _2ddc
_cBK
999 _c95916
_d95916